Market survey for minerals surveying services :a report to the Royal Institution of Chartered Surveyors, Minerals Division (Record no. 90562)

MARC details
000 -LEADER
fixed length control field 00640cam a2200205 4500
001 - CONTROL NUMBER
control field B780
008 - FIXED-LENGTH DATA ELEMENTS--GENERAL INFORMATION
fixed length control field 970304 1987
035 ## - SYSTEM CONTROL NUMBER
System control number (Sirsi) u37845
041 0# - LANGUAGE CODE
Language code of text/sound track or separate title eng
050 04 - LIBRARY OF CONGRESS CALL NUMBER
Classification number 622.1 $2 18
110 2# - MAIN ENTRY--CORPORATE NAME
Corporate name or jurisdiction name as entry element Metra Consulting Group
9 (RLIN) 555
245 00 - TITLE STATEMENT
Title Market survey for minerals surveying services :a report to the Royal Institution of Chartered Surveyors, Minerals Division
260 ## - PUBLICATION, DISTRIBUTION, ETC.
Place of publication, distribution, etc. London
Name of publisher, distributor, etc. Metra
Date of publication, distribution, etc. 1987
300 ## - PHYSICAL DESCRIPTION
Extent 60, 24p.
Dimensions 21cm.
350 ## - PRICE (NR) (BK AM CF MU VM SE) [OBSOLETE]
Price 4
651 #4 - SUBJECT ADDED ENTRY--GEOGRAPHIC NAME
Geographic name United Kingdom
Chronological subdivision
690 ## - LOCAL SUBJECT ADDED ENTRY--TOPICAL TERM (OCLC, RLIN)
Topical term or geographic name as entry element ABOUT RICS-RICS MEMBERS-CHARTERED SURVEYORS-CHARTERED MINERALS SURVEYORS
942 ## - ADDED ENTRY ELEMENTS (KOHA)
Suppress in OPAC 0
948 ## - LOCAL PROCESSING INFORMATION (OCLC); SERIES PART DESIGNATOR (RLIN)
c (OCLC) 04/03/1997
Holdings
Withdrawn status Lost status Source of classification or shelving scheme Damaged status Not for loan Home library Current library Shelving location Date acquired Cost, normal purchase price Total Checkouts Full call number Barcode Date last seen Copy number Cost, replacement price Price effective from Koha item type
    Dewey Decimal Classification     London London Basement 14/09/1999 4.00   SHELF 113 30017544 06/08/2019 1 4.00 06/08/2019 Book